logo

Bir Sreshtho Munshi Abdur Rouf Library
Jhenaidah Cadet College

আধুনিক গ্রন্থাগার বিজ্ঞান / (Record no. 7577)

MARC details
000 -LEADER
fixed length control field 00641nam a2200217 a 4500
001 - CONTROL NUMBER
JCCL Control Number 7577
003 - CONTROL NUMBER IDENTIFIER
JCCL marc code BD-JhCC
005 - DATE AND TIME OF LATEST TRANSACTION
control field 20180211191425.0
008 - FIXED-LENGTH DATA ELEMENTS--GENERAL INFORMATION
fixed length control field 180211s1978 bg |||| ||a| 001 0 ben d
035 ## - SYSTEM CONTROL NUMBER
system control number (BD-JhCC)7577
040 ## - CATALOGING SOURCE
Original cataloging agency BD-JhCC
Modifying agency BD-JhCC
041 ## - LANGUAGE CODE
Language code of Book eng
082 ## - DEWEY DECIMAL CLASSIFICATION NUMBER
Classification number 020
Author mark and Year ALI 1978
100 ## - MAIN ENTRY--PERSONAL NAME
Personal name আলী,সাদাত
245 ## - TITLE STATEMENT
Title আধুনিক গ্রন্থাগার বিজ্ঞান /
Statement of responsibility, etc সাদাত আলী .
260 ## - PUBLICATION, DISTRIBUTION, ETC. (IMPRINT)
Place of publication, distribution, etc ঢাকা :
Name of publisher, distributor, etc বর্ণ বিচিত্রা ;
Date of publication, distribution, etc 1978 .
300 ## - PHYSICAL DESCRIPTION
Pagination 122 p . :
Dimensions 22 cm.
651 ## - SUBJECT ADDED ENTRY--GEOGRAPHIC NAME
Geographic name Library Science
942 ## - ADDED ENTRY ELEMENTS (KOHA)
Source of classification or shelving scheme Library of Congress Classification
Koha item type Books
Holdings
Source of classification or shelving scheme Damaged status Not for loan Home library Current library Shelving location Date of accession Cost, normal purchase price Total Checkouts Full call number Barcode Date last seen Copy number Koha item type
Dewey Decimal Classification     JCC Rouf Library JCC Rouf Library General Stacks 02/11/2018 16.00   020 ALI 1978 10138 02/11/2018 C-1 Books

JCC Library | Contacts | JCC Home

Last Update on 23 September 2017
Copyright @ 2017-2020 JCC Rouf Library
Rouf Library, Jhenidah Cadet College (JCC), Bangladesh